Jane Eyre - Characters by Picture - Statistics

General Stats
  • This quiz has been taken 4 times
  • The average score is 3 of 20
Answer Stats
Picture Answer % Correct
Jane Eyre
100%
Mr Rochester
75%
Adèle Varens
25%
Georgiana Reed
25%
Mrs Reed
25%
St John Rivers
25%
Bessie Leaven
0%
Blanche Ingram
0%
Diana Rivers
0%
Eliza Reed
0%
Grace Poole
0%
Helen Burns
0%
Mary Rivers
0%
Miss Temple
0%
Mr Briggs
0%
Mr Brocklehurst
0%
Mrs Fairfax
0%
Richard Mason
0%
Robert Leaven
0%
Rosamund Oliver
0%
No matching quizzes found
Score Distribution
Percent of People with Each Score
Percentile by Number Answered
Your Score History
You have not taken this quiz